00769nam a2200205Ia 4500008004100000082001800041100001800059245004500077250000800122260002500130300001100155500002400166650001400190700001400204942000700218952010700225952010700332952010700439999001700546230524s9999 xx 000 0 und d a621.4023bTIM aRoger Timings 0aNewnes Mechanical Engineer's Pocket Book a1ST aNEW DELHIbCBSc1999 aXV;596 aQuantity Number: 3 aMechanics a Tony May cBK 00104070aTATCLbTATCLcGENd2023-05-24l0o621.4023 TIMp6711r2023-05-24w2023-05-24yBKzHSSM4201 00104070aTATCLbTATCLcGENd2023-05-24l0o621.4023 TIMp6712r2023-05-24w2023-05-24yBKzHSSM4201 00104070aTATCLbTATCLcGENd2023-05-24l0o621.4023 TIMp7457r2023-05-24w2023-05-24yBKzHSSM4201 c17850d17850